Herencia de la tierra, seguridad alimentaria y desarrollo rural sostenible

Detalles Bibliográficos
Autor principal: Pavo Acosta, Rolando
Otros Autores: del Prado Rodrg̕uez, Enrique, Da̕z Ferriols, Estela Marina
Formato: eBook
Lenguaje:español
Publicado: La Habana: Unin̤ Nacional de Juristas de Cuba, 2018
Colección:Serie Ciencias Penales y Criminolg̤icas
Materias:
Acceso en línea:Acceso restringido

MARC

LEADER 00000nam a22000007a 4500
005 20190910222418.0
007 cr|||| ||||
008 190910s2018 cu |||||s|||| 00||0 spa d
020 |a 978-959-7219-52-1 
035 |a 30229 
040 |a vLex 
090 |c 9458  |d 9458 
100 1 |a Pavo Acosta, Rolando 
245 1 0 |a Herencia de la tierra, seguridad alimentaria y desarrollo rural sostenible  |h [Recurso electrn̤ico] /  |c Rolando Pavo Acosta, Enrique del Prado Rodrg̕uez, Estela Marina Da̕z Ferriols 
256 |a Servicio en ln̕ea 
260 |a La Habana:  |b Unin̤ Nacional de Juristas de Cuba,  |c 2018 
300 |a 1 recurso electrn̤ico 
490 0 |a Serie Ciencias Penales y Criminolg̤icas 
506 1 |a Disponible solo en los productos indicados  |d vLex Global  |d vLex Global (Academic Edition, excluding Law Schools)  |d vLex Global (U.S. Academic Edition, Law Schools)  |d vLex Global (U.S. Academic Edition, excluding Law Schools)  |d vLex Global (Academic Edition, Law Schools) 
650 0 4 |a Agricultura  |z Cuba 
700 1 |a del Prado Rodrg̕uez, Enrique 
700 1 |a Da̕z Ferriols, Estela Marina 
740 0 |a vLex Libros (Servicio en ln̕ea) 
856 4 0 |u http://vlex.com/source/herencia-tierra-seguridad-alimentaria-desarrollo-rural-sostenible-30229  |z Acceso restringido 
942 |c BOOK 
999 0 |a Farming